| 000 | 00972nam a2200193 i 4500 | ||
|---|---|---|---|
| 001 | 190201 | ||
| 003 | ES-MaACL | ||
| 005 | 20231230063013.0 | ||
| 008 | 200914s1959 sp |||| | spa d | ||
| 100 | 1 |
_aRuiz Casaux, Juan, _d1889-1972 _9170314 |
|
| 245 | 1 | 3 |
_aLa música en la Corte de Don Carlos IV y su influencia en la vida musical española _b: discurso del Académico Numerario Excelentísimo Señor D. Juan Antonio Ruíz Casaux y L. de Carvajal, leído en el acto de su recepción pública el día 22 de noviembre de 1959, y contestación del Excmo. Sr. D. Federico Sopeña Ibañez. |
| 260 |
_aMadrid : _bReal Academia de Bellas Artes de San Fernando, _c1959. |
||
| 300 |
_a47 p., [7] h. de lám. ; _c25 cm. |
||
| 650 | 4 |
_aMúsica española- _yS.XVIII. _9170315 |
|
| 700 | 1 |
_aSopeña Ibáñez, Federico, _d1917-1991 _9107321 |
|
| 710 | 2 |
_aReal Academia de Bellas Artes de San Fernando. _96291 |
|
| 852 |
_aES-MaACL _jF-M-III-N |
||
| 999 |
_c190201 _d190201 |
||